| 000 | 00626nam a22002417a 4500 | ||
|---|---|---|---|
| 003 | UA-OsUOA | ||
| 001 | 52843 | ||
| 007 | ta | ||
| 008 | 20080304b un ||||| |||| 00| 0 ukr d | ||
| 100 | _aГусакова О. С. | ||
| 090 |
_a336.225.673(075.8) _bГ96 |
||
| 942 | _cBK | ||
| 040 |
_aUA-OsUOA _bukr _cUA-OsUOA _dUA-OsUOA |
||
| 245 |
_aПодатковий облік _bНавчальний посібник |
||
| 300 | _a360 с. | ||
| 955 | _a2 | ||
| 041 | _aukr | ||
| 080 | _a336.225.673(075.8) | ||
| 020 | _a966-364-327-7 | ||
| 260 |
_aК. _bЦНЛ _c2006 |
||
| 650 | 7 |
_a336 Фінанси _2UDC |
|
| 999 |
_c338943 _d338943 |
||